000 00342nam a22001457a 4500
003 SGT
020 _a978-1-4160-6360-9
082 _a616.992
_bS08W
100 _aWANEBO, HAROLD J.
245 _aSURGICAL ONCOLOGY CLINICS OF NORTH AMERICA
260 _aPHILADELPHIA
_bELSEVIER PUB
_c2008
300 _a996
490 _a17/4
942 _2ddc
_cBK
999 _c18403
_d18403